| 000 | 00970nam a22002297a 4500 | ||
|---|---|---|---|
| 001 | 0000001519 | ||
| 003 | PPM | ||
| 005 | 20260417110323.0 | ||
| 008 | 260417b ||||| |||| 00| 0 eng d | ||
| 020 |
_cRM 12.02 _qPaperback |
||
| 035 | _a0000001519 | ||
| 040 |
_bEng _cPusat Penyelidikan Mineral, Jabatan Mineral Dan Geosains Malaysia _dPPM _eRDA |
||
| 082 | 0 | 0 |
_219 _a338.6209 _bABD 1982 |
| 100 | 1 |
_aAbdullah bin Abdul Rahman _eauthor |
|
| 245 | 1 | 0 |
_aGovernment And Public Enterprise In Developing Countries / _cby Abdullah bin Abdul Rahman |
| 260 | 1 |
_aKuala Lumpur : _bInstitut Tadbiran Awam Negara Malaysia , _c1982 |
|
| 300 | 0 | 0 |
_axv, 200 pages .: _billustrations .; _c24 cm |
| 440 |
_aMonograf Institut Tadbiran Awam Negara Malaysia = Monographs of the National Institute of Public Administration ; _vv. 1 |
||
| 504 | _aIncludes bibliographical references (p.: 170 - 184 ) | ||
| 650 | 1 | 0 |
_aUnderdeveloped areas _xGovernment business enterprises |
| 942 |
_2ddc _cBK |
||
| 999 |
_c27202 _d27202 |
||